Normal view
MARC view
- Graphical modeling (Statistics)
Entry Topical Term
001 - CONTROL NUMBER
- control field: 96038
003 - CONTROL NUMBER IDENTIFIER
- control field: NUST
005 - DATE AND TIME OF LATEST TRANSACTION
- control field: 20220801124006.0
008 - FIXED-LENGTH DATA ELEMENTS
- fixed length control field: 220801|| aca||aabn | a|a d
040 ## - CATALOGING SOURCE
- Original cataloging agency: NUST
- Transcribing agency: NUST
150 ## - HEADING--TOPICAL TERM
- Topical term or geographic name entry element: Graphical modeling (Statistics)
670 ## - SOURCE DATA FOUND
- Source citation: Work cat.: (NUST)190477: Koller, Daphne 96035, Probabilistic Graphical Models :, cop. 2009
